00618nam a2200193 a 450000100100000000500170001000800410002704000250006804100080009308200270010110000240012824500360015225000110018826000760019930000280027550000560030354600130035960000520037200002732220240409073641.0110331t1953 dr a r 001 0 spa d aDO-SdBNPbspacBNPHU07aeng a923.17293bT866n, 19531 aNanita, Abelardo R.10aTrujillo /cAbelardo R. Nanita. a6a ed. aCiudad Trujillo, República Dominicana :bImpresora Dominicana,c1953. a234 p. :bil. ;c23 cm. aIncluye bibliografía y notas al pie de páginas. aInglés10aTrujillo Molina, Rafael Leónidas,d 1891-1961